<?xml version="1.0" encoding="UTF-8"?><?xml-stylesheet type="text/xsl" href="static/style.xsl"?><OAI-PMH xmlns="http://www.openarchives.org/OAI/2.0/" xmlns:xsi="http://www.w3.org/2001/XMLSchema-instance" xsi:schemaLocation="http://www.openarchives.org/OAI/2.0/ http://www.openarchives.org/OAI/2.0/OAI-PMH.xsd"><responseDate>2026-04-29T00:50:26Z</responseDate><request verb="GetRecord" identifier="oai:riubu.ubu.es:10259/5066" metadataPrefix="marc">https://riubu.ubu.es/oai/request</request><GetRecord><record><header><identifier>oai:riubu.ubu.es:10259/5066</identifier><datestamp>2024-07-17T09:36:58Z</datestamp><setSpec>com_10259_9404</setSpec><setSpec>com_10259_5087</setSpec><setSpec>com_10259_2728</setSpec><setSpec>col_10259_9405</setSpec></header><metadata><record xmlns="http://www.loc.gov/MARC21/slim" xmlns:doc="http://www.lyncode.com/xoai" xmlns:xsi="http://www.w3.org/2001/XMLSchema-instance" xmlns:dcterms="http://purl.org/dc/terms/" xsi:schemaLocation="http://www.loc.gov/MARC21/slim http://www.loc.gov/standards/marcxml/schema/MARC21slim.xsd">
<leader>00925njm 22002777a 4500</leader>
<datafield tag="042" ind1=" " ind2=" ">
<subfield code="a">dc</subfield>
</datafield>
<datafield tag="720" ind1=" " ind2=" ">
<subfield code="a">Picón Ibáñez, Adrián</subfield>
<subfield code="e">author</subfield>
</datafield>
<datafield tag="520" ind1=" " ind2=" ">
<subfield code="a">Estudio (a nivel tanto temático como estructural o discursivo) de la relación entre literatura, creatividad y drogas, en obras literarias españolas contemporáneas recientes (novelas, relatos y algunos poemas), con atención a tres aspectos fundamentales: en primer lugar, la representación discursiva de la cultura de la droga; en segundo lugar, el estudio de ciertos contextos de producción en los que la cultura de la droga ha jugado un papel relevante; y, por último, el análisis de los procesos de escritura en sí mismos: en otras palabras, la relación que los escritores han puesto de manifiesto entre creatividad y alteración del estado normal de conciencia por medio del consumo de sustancias (en sus propios textos literarios, pero también en paratextos, entrevistas, reportajes, etc.).</subfield>
</datafield>
<datafield tag="024" ind2=" " ind1="8">
<subfield code="a">http://hdl.handle.net/10259/5066</subfield>
</datafield>
<datafield ind1=" " ind2=" " tag="653">
<subfield code="a">literatura española contemporánea</subfield>
</datafield>
<datafield ind1=" " ind2=" " tag="653">
<subfield code="a">drogas</subfield>
</datafield>
<datafield ind1=" " ind2=" " tag="653">
<subfield code="a">creatividad</subfield>
</datafield>
<datafield ind1=" " ind2=" " tag="653">
<subfield code="a">contemporary Spanish literature</subfield>
</datafield>
<datafield ind1=" " ind2=" " tag="653">
<subfield code="a">drugs</subfield>
</datafield>
<datafield ind1=" " ind2=" " tag="653">
<subfield code="a">creativity</subfield>
</datafield>
<datafield tag="245" ind1="0" ind2="0">
<subfield code="a">LCD: literatura, creatividad y drogas en el s. XXI</subfield>
</datafield>
</record></metadata></record></GetRecord></OAI-PMH>